| 000 | 00805cam a2200253u 4500 | ||
|---|---|---|---|
| 001 | 24052 | ||
| 003 | BD-RjUL | ||
| 005 | 20211209001014.0 | ||
| 008 | 140312t1953 enk 001 0 eng | ||
| 035 | _a(BD-RjUL)24118 | ||
| 040 |
_aDLC _cCarP _dDLC _dBD-RjUL _beng |
||
| 041 | _aeng | ||
| 082 | 0 | 4 |
_a378.41 _bBAA 1953 |
| 100 | 1 |
_aBarker, Ernest, _d1874- [from old catalog] _97357 |
|
| 245 | 1 | 0 |
_aAge and youth : _bMemories of three Universities and Father of the man / _csir Ernest Barker. |
| 260 |
_aLondon ; _aNew York : _bOxford University Press, _c1953. |
||
| 300 |
_avii, 347 p. ; _c21 cm. |
||
| 504 | _aincludes index. | ||
| 650 | 0 |
_aUniversities and colleges _zGreat Britain. _929942 |
|
| 740 | _aFather of the man. | ||
| 942 |
_2ddc _cBK |
||
| 999 |
_c24052 _d24052 |
||